Flags with 3 Colours - Sudden Death - Statistics

General Stats
  • This quiz has been taken 2,149 times
  • The average score is 7 of 18
Answers on the Grid
Answers color-coded by a green-red scale on the quiz's grid according to % correct below.
Angola
Belarus
Cyprus
Egypt
Estonia
Gabon
Georgia
Grenada
Guinea
Haiti
Honduras
Iceland
Iran
Jamaica
Jordan
Lebanon
Lithuania
Moldova
Namibia
Nauru
Nigeria
North Korea
Panama
Saint Vincent and the Grenadines
Seychelles
South Korea
Togo
Trinidad and Tobago
USA
Zambia
 
Answer Stats
Answer % Correct
Estonia
62%
USA
60%
Iceland
52%
Belarus
46%
Angola
45%
Lithuania
43%
Jamaica
42%
North Korea
40%
Iran
39%
Cyprus
38%
Gabon
35%
Panama
35%
Lebanon
34%
Guinea
32%
Trinidad and Tobago
24%
Saint Vincent and the Grenadines
15%
Grenada
14%
Nauru
14%
No matching quizzes found
Score Distribution
Percent of People with Each Score
Percentile by Number Answered
Your Score History
You have not taken this quiz